[Event "Nouadhibou Independence op"]
[Site "Nouadhibou"]
[Date "2014.11.28"]
[Round "3"]
[White "Abdallahi, Eyaha"]
[Black "Ely, Samba Tounsi"]
[Result "1-0"]
[WhiteElo "1698"]
[BlackElo "1632"]
[PlyCount "49"]
[EventDate "2014.11.27"]
[EventType "swiss"]
[EventRounds "9"]
[EventCountry "MAU"]
[SourceTitle "CBM 163 Extra"]
[Source "ChessBase"]
[SourceDate "2014.12.23"]
[SourceVersion "1"]
[SourceVersionDate "2014.12.23"]
[SourceQuality "1"]

1. e4 g6 2. Bc4 e6 3. Nc3 Bg7 4. d4 Ne7 5. Be3 Nbc6 6. Nge2 d5 7. Bd3 dxe4 8. Bxe4 Bd7 9. g4 f5 10. gxf5 Nxf5 11. Qd2 Nxe3 12. fxe3 Qh4+ 13. Ng3 Na5 14. 0-0-0 Nc4 15. Qd3 Nd6 16. Bg2 0-0 17. Kb1 c6 18. Nce4 Nxe4 19. Nxe4 Rad8 20. Qb3 b6 21. Qd3 c5 22. d5 exd5 23. Qxd5+ Kh8 24. Ng5 Bc8 25. Qxd8 1-0

[Event "MAU-ch"]
[Site "Nouadhibou"]
[Date "2014.01.03"]
[Round "11"]
[White "Babahmed, Abdellah"]
[Black "Ely, Samba Tounsi"]
[Result "1-0"]
[WhiteElo "1784"]
[BlackElo "1765"]
[PlyCount "107"]
[EventDate "2013.12.28"]
[EventType "swiss"]
[EventRounds "11"]
[EventCountry "MAU"]
[SourceTitle "CBM 158 Extra"]
[Source "ChessBase"]
[SourceDate "2014.02.28"]
[SourceVersion "1"]
[SourceVersionDate "2014.02.28"]
[SourceQuality "1"]

1. d4 d5 2. c4 Nf6 3. Nf3 Bg4 4. Qb3 b6 5. cxd5 Nxd5 6. Ne5 Be6 7. Qf3 Nd7 8. Nc6 Qc8 9. e4 N5f6 10. h3 Nxe4 11. Qxe4 Nf6 12. Qc2 Bd7 13. Be2 e6 14. Bf3 Nd5 15. 0-0 Bd6 16. Re1 0-0 17. Bxd5 exd5 18. Ne7+ Bxe7 19. Rxe7 Re8 20. Rxe8+ Qxe8 21. Be3 Rc8 22. Nd2 g6 23. Nf3 f6 24. Rc1 c6 25. Qa4 b5 26. Qb4 g5 27. Qd6 Kg7 28. Re1 Qf7 29. Bd2 Re8 30. Bb4 Rxe1+ 31. Nxe1 Kg6 32. Qe7 Bf5 33. Qxf7+ Kxf7 34. Kf1 Bb1 35. a3 a6 36. Ke2 f5 37. Nd3 Ke8 38. Ne5 c5 39. dxc5 f4 40. Bd2 Ke7 41. g3 fxg3 42. fxg3 Ke6 43. Nd3 h6 44. h4 gxh4 45. gxh4 Kf5 46. Bxh6 d4 47. Bg7 Ke4 48. Nf2+ Kd5 49. b4 Kc4 50. h5 a5 51. c6 axb4 52. axb4 Kxb4 53. c7 Bf5 54. h6 1-0

[Event "MAU-ch"]
[Site "Nouadhibou"]
[Date "2014.01.01"]
[Round "8"]
[White "Yahi, Mohamed Salem"]
[Black "Ely, Samba Tounsi"]
[Result "1/2-1/2"]
[WhiteElo "1880"]
[BlackElo "1765"]
[PlyCount "135"]
[EventDate "2013.12.28"]
[EventType "swiss"]
[EventRounds "11"]
[EventCountry "MAU"]
[SourceTitle "CBM 158 Extra"]
[Source "ChessBase"]
[SourceDate "2014.02.28"]
[SourceVersion "1"]
[SourceVersionDate "2014.02.28"]
[SourceQuality "1"]

1. e4 e6 2. Nf3 Nc6 3. Bb5 a6 4. Bxc6 dxc6 5. d4 c5 6. 0-0 cxd4 7. Nxd4 Bc5 8. Be3 e5 9. Ne6 Bxe6 10. Bxc5 Qxd1 11. Rxd1 b6 12. Ba3 c5 13. b4 Rc8 14. bxc5 bxc5 15. Bb2 f6 16. Rd6 Bc4 17. Nd2 Bb5 18. a4 Rc6 19. Rxc6 Bxc6 20. Ba3 c4 21. Nxc4 Nh6 22. a5 Kf7 23. Rd1 Rb8 24. Nb6 Bxe4 25. c4 Nf5 26. Rd7+ Ke6 27. Ra7 Bb7 28. Bc5 Nd4 29. Bxd4 exd4 30. f3 Kd6 31. Kf2 Kc6 32. Ke2 Rd8 33. Kd3 Kc7 34. Nd5+ Kb8 35. Rxb7+ Kxb7 36. Kxd4 Kc6 37. h4 g5 38. h5 f5 39. Ke5 f4 40. Kf5 h6 41. Nf6 Kc5 42. Ne4+ Kxc4 43. Kg6 Rd5 44. Kxh6 Rxa5 45. Nxg5 Ra2 46. Ne6 Rxg2 47. Nxf4 Rg3 48. Ng6 Kd4 49. f4 Ke4 50. Kg7 a5 51. h6 a4 52. h7 Rh3 53. f5 Kxf5 54. Ne7+ Ke6 55. Nc6 Kd6 56. Na5 Kc5 57. Nb7+ Kb6 58. Nd6 Rh4 59. Nf5 Rxh7+ 60. Kxh7 a3 61. Nd4 Kc5 62. Nb3+ Kb4 63. Nc1 Kc3 64. Na2+ Kb2 65. Nb4 Kb3 66. Nd3 Kc3 67. Nc1 Kc2 68. Na2 1/2-1/2

[Event "MAU-ch"]
[Site "Nouadhibou"]
[Date "2013.12.31"]
[Round "6"]
[White "Kar, El Moustapha"]
[Black "Ely, Samba Tounsi"]
[Result "1-0"]
[WhiteElo "1896"]
[BlackElo "1765"]
[PlyCount "61"]
[EventDate "2013.12.28"]
[EventType "swiss"]
[EventRounds "11"]
[EventCountry "MAU"]
[SourceTitle "CBM 158 Extra"]
[Source "ChessBase"]
[SourceDate "2014.02.28"]
[SourceVersion "1"]
[SourceVersionDate "2014.02.28"]
[SourceQuality "1"]

1. e4 b6 2. d4 e6 3. Bd3 Bb7 4. Nf3 Nc6 5. 0-0 Nb4 6. Re1 Nxd3 7. Qxd3 Nf6 8. e5 Nd5 9. a3 c5 10. c4 Nc7 11. dxc5 Bxc5 12. b4 Be7 13. Rd1 f6 14. Bb2 Bxf3 15. Qxf3 0-0 16. Qg3 f5 17. Qd3 Qe8 18. Nd2 Rd8 19. f4 d6 20. Qe3 d5 21. Qf3 dxc4 22. Nxc4 Nd5 23. Bd4 g6 24. Ne3 Nxe3 25. Qxe3 Qa4 26. Rdc1 Rc8 27. h3 Qd7 28. Rd1 Qa4 29. Rac1 Rfd8 30. Kh2 a5 31. Bxb6 1-0

[Event "MAU-ch"]
[Site "Nouadhibou"]
[Date "2013.12.29"]
[Round "3"]
[White "Ely, Samba Tounsi"]
[Black "Cheikh, Ahmed Ishak"]
[Result "0-1"]
[WhiteElo "1765"]
[BlackElo "1678"]
[PlyCount "81"]
[EventDate "2013.12.28"]
[EventType "swiss"]
[EventRounds "11"]
[EventCountry "MAU"]
[SourceTitle "CBM 158 Extra"]
[Source "ChessBase"]
[SourceDate "2014.02.28"]
[SourceVersion "1"]
[SourceVersionDate "2014.02.28"]
[SourceQuality "1"]

1. d4 d5 2. c4 dxc4 3. e4 e6 4. Bxc4 Bd7 5. Nc3 g6 6. Nge2 Bg7 7. 0-0 Nc6 8. e5 Nge7 9. f4 0-0 10. Ne4 h6 11. Kh1 b5 12. Bd3 Nf5 13. Bxb5 Nxe5 14. fxe5 Bxb5 15. N4c3 Ba6 16. b3 Qe7 17. a4 Rfd8 18. Bb2 Bxe5 19. Qc1 Bg7 20. Nb5 Rac8 21. Rd1 Qh4 22. Qc6 Qg4 23. Qxa6 Qxe2 24. Bc3 c5 25. Rd2 Qe3 26. Ba5 Re8 27. Rad1 cxd4 28. Nxa7 Ra8 29. b4 Be5 30. b5 Qf4 31. g3 Qf3+ 32. Kg1 Ne3 33. Re1 Bxg3 34. Rxe3 dxe3 35. hxg3 exd2 36. Bxd2 Qd1+ 37. Kh2 Qxd2+ 38. Kh3 Qe2 39. Qb7 g5 40. b6 g4+ 41. Kh4 0-1